Modern physics / (Record no. 4773)
[ view plain ]
| 000 -LEADER | |
|---|---|
| fixed length control field | 00865cam a2200253Ia 4500 |
| 001 - CONTROL NUMBER | |
| control field | ocm32257162 |
| 003 - CONTROL NUMBER IDENTIFIER | |
| control field | OCoLC |
| 005 - DATE AND TIME OF LATEST TRANSACTION | |
| control field | 20230718090132.0 |
| 008 - FIXED-LENGTH DATA ELEMENTS--GENERAL INFORMATION | |
| fixed length control field | 950405s1992 txua 001 0 eng d |
| 020 ## - INTERNATIONAL STANDARD BOOK NUMBER | |
| International Standard Book Number | 0030743176 |
| 020 ## - INTERNATIONAL STANDARD BOOK NUMBER | |
| International Standard Book Number | 9780030743177 |
| 035 ## - SYSTEM CONTROL NUMBER | |
| System control number | (OCoLC)32257162 |
| 040 ## - CATALOGING SOURCE | |
| Original cataloging agency | SZR |
| Language of cataloging | eng |
| Transcribing agency | SZR |
| Modifying agency | LEB |
| -- | BDX |
| -- | OCLCQ |
| -- | OCLCF |
| -- | OCLCQ |
| -- | OCLCO |
| 050 #4 - LIBRARY OF CONGRESS CALL NUMBER | |
| Classification number | QC23 |
| Item number | .T73 1992b |
| 082 04 - DEWEY DECIMAL CLASSIFICATION NUMBER | |
| Classification number | 530 |
| Item number | T833m |
| 100 1# - MAIN ENTRY--PERSONAL NAME | |
| Personal name | Trinklein, Frederick E. |
| 9 (RLIN) | 25393 |
| 245 10 - TITLE STATEMENT | |
| Title | Modern physics / |
| Statement of responsibility, etc. | Frederick E. Trinklein. |
| 260 ## - PUBLICATION, DISTRIBUTION, ETC. | |
| Place of publication, distribution, etc. | Austin : |
| Name of publisher, distributor, etc. | Holt, Rinehart and Winston : |
| -- | Harcourt Brace Jovanovich, |
| Date of publication, distribution, etc. | �1992. |
| 300 ## - PHYSICAL DESCRIPTION | |
| Extent | xvi, 752 pages : |
| Other physical details | illustrations (some color) ; |
| Dimensions | 26 cm |
| 650 #0 - SUBJECT ADDED ENTRY--TOPICAL TERM | |
| Topical term or geographic name entry element | Physics |
| General subdivision | Study and teaching (Secondary) |
| 9 (RLIN) | 372 |
| 650 #7 - SUBJECT ADDED ENTRY--TOPICAL TERM | |
| Topical term or geographic name entry element | Physics |
| General subdivision | Study and teaching (Secondary) |
| Source of heading or term | fast |
| 9 (RLIN) | 372 |
| 942 ## - ADDED ENTRY ELEMENTS (KOHA) | |
| Koha item type | Books |
| Source of classification or shelving scheme | Library of Congress Classification |
| 948 ## - LOCAL PROCESSING INFORMATION (OCLC); SERIES PART DESIGNATOR (RLIN) | |
| h (OCLC) | HELD BY GHUCC - 17 OTHER HOLDINGS |
| Lost status | Collection code | Accession Number | Home library | Shelving location | Date acquired | Total Checkouts | Full call number | Barcode | Date last seen | Date last checked out | Koha item type |
|---|---|---|---|---|---|---|---|---|---|---|---|
| Open | 206543 | UCC Main Library | Second Floor East Wing Sam Jonah Library | 07/18/2023 | 2 | QC23.T73 | 30261101295980 | 02/01/2024 | 07/15/2023 | Books |